LEADER 01295nam a2200301 4500 001 000000349321 003 CaOOAMICUS 005 20250318142020.0 008 220201s1994 it 000 u ita r 020 $a88-7983-498-3 040 $aSeMil$bita 100 1 $aLondon, Jack,$d<1876-1916>.$0(OLS)http://semarc/name/52168 245 13$aLa sfida e altre storie di boxe /$cJack London ; introduzione di Walter Mauro. 264 1$aRoma :$bTascabili Economici Newton,$c1994. 300 $a96 p. ;$c19 cm 490 1 $aCentopaginemillelire ;$v160 500 $aNel front.: Edizioni integrali. - Contiene: Il gioco; Il messicano; Una bella bistecca 541 0 $aOmaggio card. Angelo Scola (1T I 13) 700 1 $aMauro, Walter,$d<1925-2012>.$0(OLS)http://semarc/name/28204 830 0$aCentopaginemillelire ;$v160.$0(OLS)http://semarc/title/20358 850 $aSeMil 852 $aSeMil$W1$xVenegono$y1$m1T I 13$j231906$B240381$CSeMilBibl$Z2$F240381 $81 941 1 $a6 961 $aOmaggio card. Angelo Scola 996 $6020$a88-7983-498-3$9(OLS)http://semarc/number/295205 996 $6245$aLa sfida e altre storie di boxe$9(OLS)http://semarc/title/438880 996 $6264$aRoma :$bTascabili Economici Newton$9(OLS)http://semarc/publisher/35030 LEADER 00964nam a2200229 i 4500 001 000000068217 003 CaOOAMICUS 005 20160401000000.0 008 160401s1835 it u000 u ita u 013 $a39389 040 $aSeMil$bita 100 1 $aVincenzo : da Massa.$0(OLS)http://semarc/name/15199 245 13$aDe re liturgica quaestiones variae ... explanatae et in unum volumen collectae /$ca p. Vincentio a Massa. 260 $aTaurini :$bImprimebat I. B. Paravia,$c1835. 300 $a222 p. ;$c20 cm. 650 4$aLiturgia - Manuali.$0(OLS)http://semarc/subject/87 850 $aSeMil 852 $aSeMil$W1$xVenegono$y1$m3K III 125 FA$j34370$B34370$CSeMilBibl$Z2$F34373 $8I 941 1 $a10 961 $aRecupero: Mantegazza 996 $6245$aDe re liturgica quaestiones variae ... explanatae et in unum volumen collectae$9(OLS)http://semarc/title/108857 996 $6260$aTaurini :$bImprimebat I. B. Paravia$9(OLS)http://semarc/publisher/39499